Poľský poistný trh - súčasnosť a budúcnosť
Stručný popis stavu vybraných makroekonomických ukazovateľov Poľska. Analýza vývoja rozhodujúcich ukazovateľov komerčného poisťovníctva v rokoch 1995 - 2004 v Poľsku. Prognóza budúceho vývoja poľského poistného trhu.
Guardado en:
| Autor principal: | |
|---|---|
| Otros Autores: | , |
| Formato: | Capítulo de libro |
| Lenguaje: | eslovaco |
| Materias: | |
| Etiquetas: |
Sin Etiquetas, Sea el primero en etiquetar este registro!
|
MARC
| LEADER | 00000naa$a2200000$$$4500 | ||
|---|---|---|---|
| 001 | 0041838 | ||
| 005 | 20240502071512.0 | ||
| 041 | 0 | |a slo | |
| 044 | |a SK | ||
| 245 | 1 | 0 | |a Poľský poistný trh - súčasnosť a budúcnosť |c Darina Vološinová, Edyta Czerwiec, Eva Kafková |
| 520 | |a Stručný popis stavu vybraných makroekonomických ukazovateľov Poľska. Analýza vývoja rozhodujúcich ukazovateľov komerčného poisťovníctva v rokoch 1995 - 2004 v Poľsku. Prognóza budúceho vývoja poľského poistného trhu. | ||
| 610 | 2 | 0 | |a ukazovatele makroekonomické |
| 610 | 2 | 0 | |a trh poistný |
| 610 | 2 | 0 | |a poisťovne komerčné |
| 610 | 2 | 0 | |a prognózy |
| 610 | 2 | 0 | |a Poľsko |
| 100 | 1 | |a Vološinová, Darina | |
| 700 | 1 | |a Czerwiec, Edyta | |
| 700 | 1 | |a Kafková, Eva | |